000 00472nam a2200169Ia 4500
003 GCL
008 140319s9999 xx 000 0 eng d
040 _aGCL /
_cGCL
082 0 4 _a664.92
_bK B
100 1 _aKHODABANDEHLOO, K
245 1 0 _aROBOTICC JN MEAT, FISH AND POLTRY PRACSSING /
_cKHODABANDEHLOO, K
260 _a[S.N] :
_bBLACKIE ACADEMIC & PROFESSIONAL ،
_c1993
650 0 4 _aROBOTICS
650 0 4 _aFISHERY PROCESSING
650 0 4 _aPOULTRY
942 _2ddc
_cBK
999 _c12031
_d12031